Performance appraisal on the line

Bibliographic Details
Main Author: Devries, David L.
Other Authors: Gerlach, Michael L., Marrison, Ann M., Shullman, Sandra L.
Format: Book
Published: New York : John Wiley and Sons , 1981
Series:A. Wiley interscience Publication
Subjects:

MARC

LEADER 00000cam a2200000 7i4500
001 0000002857
005 20021126.0
020 |a 0471092541 
040 |a INS 
090 0 0 |a HF5549.5.R3   |b D46 1981 
100 1 |a Devries, David L. 
245 1 0 |a Performance appraisal on the line   |c David L. Devries, Ann M. Morrison, Sandra L. Shullman and Michael L. Gerlach 
260 |a New York :   |b John Wiley and Sons ,   |c 1981 
300 |a x, 160p. ;   |c 23 cm. 
440 0 |a A. Wiley interscience Publication 
650 0 0 |a Employees, Bating of 
700 0 |a Gerlach, Michael L. 
700 0 |a Marrison, Ann M. 
700 0 |a Shullman, Sandra L. 
999 |a 0000000983   |b BOOK   |c Open Shelf   |e Default branch